Paesi più vicini a Taiwan - sprint di un minuto - Statistics

Statistiche generali
  • Questo quiz è stato fatto 33 volte
  • Il punteggio medio è 14 su 20
Statistiche sulle risposte
km nazione % Corretto
4 Cina
100%
107 Giappone
97%
990 Corea del Sud
93%
1439 Corea del Nord
90%
156 Filippine
83%
2115 India
83%
1734 Thailandia
83%
1606 Cambogia
79%
2033 Indonesia
79%
1664 Malesia
76%
2195 Mongolia
76%
1088 Vietnam
76%
1444 Laos
72%
1774 Birmania
66%
2599 Bangladesh
59%
2069 Russia
59%
1977 Brunei
55%
2628 Bhutan
48%
2241 Micronesia
14%
2116 Palau
10%
Nessun quiz corrispondente trovato
Distribuzione punteggi
Percentuale di utenti per punteggio
Percentile per numero di risposta
I tuoi punteggi nel tempo
Non hai fatto questo quiz